[Event "Valencia Cuna op 3rd"]
[Site "Valencia"]
[Date "2022.07.11"]
[Round "1"]
[White "Solodovnichenko, Yuri"]
[Black "Navarro Cosme, Tomas"]
[Result "1-0"]
[WhiteElo "2497"]
[BlackElo "1705"]
[PlyCount "85"]
[EventDate "2022.07.11"]
[EventType "swiss"]
[EventRounds "9"]
[EventCountry "ESP"]
[SourceTitle "CBM 209 Extra"]
[Source "ChessBase"]
[SourceDate "2022.09.30"]
[SourceVersion "1"]
[SourceVersionDate "2022.09.30"]
[SourceQuality "1"]

1. e4 d6 2. d4 g6 3. Nc3 Nf6 4. Be3 Bg7 5. Qd2 a6 6. Bh6 0-0 7. Bxg7 Kxg7 8. Bd3 b5 9. e5 dxe5 10. dxe5 Nd5 11. Be4 c6 12. Nxd5 cxd5 13. Qxd5 Qa5+ 14. Qd2 Qxd2+ 15. Kxd2 Rd8+ 16. Ke3 Ra7 17. Nf3 f5 18. Bd3 Rad7 19. Rhd1 h6 20. c3 Nc6 21. Bc2 Bb7 22. Rxd7 Rxd7 23. Rd1 Rxd1 24. Bxd1 g5 25. g3 Bc8 26. Bb3 g4 27. Bd5 Nd8 28. Nd4 e6 29. Bg2 Kf7 30. b4 Ke7 31. Nc6+ Kd7 32. Nxd8 Kxd8 33. Kd4 Kc7 34. Kc5 Bd7 35. Bf1 Bc8 36. c4 bxc4 37. Bxc4 h5 38. a3 a5 39. bxa5 Bd7 40. a6 Bc8 41. a7 Kb7 42. Ba6+ Kxa7 43. Bxc8 1-0